Informació general : Santuari ecològic del Castell de Gallifa : municipi Santuari ecològic del Castell de Gallifa :
Descripción Física:
[6] p. : il. col., fot. ; 21 cm
MARC
| LEADER | 00000nam a2200000Ia 4500 | ||
|---|---|---|---|
| 001 | 18416 | ||
| 008 | 160829s9999 xx 000 0 cat d | ||
| 080 | |a FU-1-69 | ||
| 245 | |a Informació general : |b Santuari ecològic del Castell de Gallifa : |b municipi | ||
| 260 | |a [Barcelona] : |b Diputació de Barcelona, Servei d'Esports i Turisme, [19-- ?] | ||
| 300 | |a [6] p. : |b il. col., fot. ; |c 21 cm | ||
| 590 | |a A la portada: Ajuntament de la Gallifa ; Turisme Total. | ||
| 590 | |a Inclou mapa de la zona | ||
| 650 | |a Gallifa |x Guies |9 35288 | ||
| 650 | |a Gallifa |x Circuits turístics |9 35289 | ||
| 710 | 2 | |a Barcelona (Catalunya : Província). |b Servei d'Esports i Turisme |9 54307 | |
| 710 | 1 | |a Gallifa (Catalunya). |b Ajuntament |9 55131 | |
| 901 | |a Arxiu | ||
| 942 | |n 1 | ||
| 952 | |0 0 |1 0 |4 0 |6 FU169 |7 1 |9 48650 |a Arxiu |b Arxiu |d 2016-12-01 |l 0 |o FU-1-69 |p 18416 |r 2016-12-01 00:00:00 |w 2016-12-01 |y ARXIU | ||
| 999 | |c 52480 |d 52480 | ||